| 000 | 00591nam a2200217 a 4500 | ||
|---|---|---|---|
| 001 | BRL_254 | ||
| 005 | 20190320210645.0 | ||
| 008 | 080713s1998----mx-o######---#000-0#spa-# | ||
| 020 | _a9701812247 | ||
| 041 | _aspa | ||
| 044 | _amx | ||
| 050 | 4 |
_aQ180 _b.P74 1998 |
|
| 245 | 1 | 0 | _aPremio Nacional de Ciencias y Artes, 1997 |
| 260 |
_aMéxico _bConsejo del Premio Nacional de Ciencias y Arte : SEP _c1998 |
||
| 300 |
_a112 p. _bil. _c21 cm. |
||
| 500 | _aAu303 | ||
| 650 | 1 | 4 |
_aCiencia _xPremios _zMéxico _923371 |
| 650 | 1 | 4 |
_aArte _xPremios _zMéxico _923372 |
| 902 | _aGRL | ||
| 942 |
_2lcc _cB |
||
| 999 |
_c9067 _d9067 |
||